Départements avec des communes en "-ac" - Statistiques

Statistiques générales
  • Ce quiz a été pris 47 fois
  • Le résultat moyen est 21 sur 31
Statistiques - réponses
# Département % Correct
123 Gironde
87%
89 Lot
87%
47 Lot-et-Garonne
84%
34 Tarn
82%
19 Tarn-et-Garonne
79%
12 Hérault
76%
8 Landes
76%
28 Ariège
74%
100 Charente
74%
68 Corrèze
74%
129 Dordogne
74%
36 Aude
71%
8 Creuse
71%
47 Haute-Garonne
71%
41 Hautes-Pyrénées
71%
15 Lozère
71%
72 Charente-Maritime
68%
45 Haute-Vienne
68%
6 Vienne
68%
41 Cantal
66%
54 Aveyron
63%
31 Gard
63%
40 Gers
63%
21 Ardèche
61%
7 Puy-de-Dôme
55%
25 Morbihan
53%
9 Drôme
50%
35 Haute-Loire
42%
19 Ille-et-Vilaine
42%
14 Loire-Atlantique
42%
14 Côtes-d'Armor
39%
Aucun quiz correspondant
Distribution des résultats
% des personnes avec chaque résultat
Percentile par nombre de réponses
Votre historique - résultats
Vous n’avez pas pris ce quiz